zpět

Detail výsledku týmu

Restaurace Queen, Olomouc

Datum a čas kvízu

34.5 Celkem bodů Celkový počet nahraných bodů na tomto kvízu bez doplňovacích otázek.
4. Pořadí na kvízu Konečné umístění týmu na tomto kvízu.

Zaznamenané odpovědi

# Otázka Odpověď Body Výsledky
1. Jiří Langmajer, Zdislava Pokor... Hejt není názor 0
2. V ugandském národním parku Kib... šimpanz 1
3. Legendární americký folkový zp... Paul Simon 0
4. Kterému živočichovi, jenž pomá... A 1
5. Který úspěšný plavec se stal m... David Kratochvíl 1
6. Vaším prvním úkolem v dnešním... 1A 2D 3B 4C 1
7. Poznejte gangsterku dle stručn... Dannyho parťáci (Ocean's Eleven) 1
8. Bud Spencer a Terence Hill spo... v Itálii 1
9. Gangster, na kterého se ptáme,... Jabba Hutt 1
10. Uveďte jméno i příjmení postav... John Wick 1